Аналитическая динамика и теория колебаний: учебное пособие

Bibliografiske detaljer
Hovedforfatter: Алдошин Г. Т. Геннадий Тихонович
Summary:Настоящее пособие соответствует содержанию дисциплины "Аналитическая динамика а теория колебаний" и состоит из трех частей: в первой части изложены основные понятия аналитической механики, дифференциальные принципы механики и уравнения движения, включая канонические уравнения Гамильтона; во второй и третьей частях излагается теория линейных и нелинейных колебаний механических систем с конечным числом степеней свободы. Рассматриваются качественные методы анализа нелинейных систем и приближенные методы их расчета. Изложение иллюстрируется примерами.
Sprog:russisk
Udgivet: Санкт-Петербург, Лань, 2018
Serier:Учебники для вузов. Специальная литература
Бакалавр и специалист
Fag:
Format: Bog
KOHA link:https://koha.lib.tpu.ru/cgi-bin/koha/opac-detail.pl?biblionumber=341838

MARC

LEADER 00000nam0a2200000 4500
001 341838
005 20231102005405.0
010 |a 9785811434329 
035 |a (RuTPU)RU\TPU\book\370123 
090 |a 341838 
100 |a 20181026d2018 m y0rusy50 ca 
101 0 |a rus 
102 |a RU 
105 |a a j 001zy 
200 1 |a Аналитическая динамика и теория колебаний  |e учебное пособие  |f Г. Т. Алдошин 
210 |a Санкт-Петербург  |c Лань  |d 2018 
215 |a 254 с.  |c ил. 
225 1 |a Учебники для вузов. Специальная литература 
225 1 |a Бакалавр и специалист 
320 |a Библиогр.: с. 249-250 
330 |a Настоящее пособие соответствует содержанию дисциплины "Аналитическая динамика а теория колебаний" и состоит из трех частей: в первой части изложены основные понятия аналитической механики, дифференциальные принципы механики и уравнения движения, включая канонические уравнения Гамильтона; во второй и третьей частях излагается теория линейных и нелинейных колебаний механических систем с конечным числом степеней свободы. Рассматриваются качественные методы анализа нелинейных систем и приближенные методы их расчета. Изложение иллюстрируется примерами. 
606 1 |a Аналитическая динамика  |2 stltpush  |3 (RuTPU)RU\TPU\subj\28993  |9 52412 
606 1 |a Колебания  |x (физика)  |2 stltpush  |3 (RuTPU)RU\TPU\subj\14664  |9 41023 
610 1 |a аналитическая механика 
610 1 |a динамические системы 
610 1 |a фазовое пространство 
610 1 |a фазовые траектории 
610 1 |a дифференциальные уравнения 
610 1 |a уравнения движения 
610 1 |a уравнения Ланжевена 
610 1 |a линейные колебания 
610 1 |a малые колебания 
610 1 |a параметрические колебания 
610 1 |a стационарные движения 
610 1 |a нелинейные колебания 
610 1 |a качественные методы 
610 1 |a количественные методы 
610 1 |a автономные системы 
610 1 |a приближенные методы 
610 1 |a автоколебательные системы 
610 1 |a расчеты 
610 1 |a учебные пособия 
675 |a 531.3(075.8)  |v 4 
675 |a 531.39(075.8)  |v 4 
700 1 |a Алдошин  |b Г. Т.  |g Геннадий Тихонович 
801 1 |a RU  |b 63413507  |c 20181026 
801 2 |a RU  |b 63413507  |c 20191210  |g RCR 
942 |c BK 
959 |a 1/20180221  |d 1  |e 1200,00  |f ЧЗТЛ:1